Luận về chữ nhân
Αποθηκεύτηκε σε:
| Κύριος συγγραφέας: | |
|---|---|
| Μορφή: | Βιβλίο |
| Γλώσσα: | Undetermined |
| Έκδοση: |
Hà Nội
Thời đại
2012
|
| Θέματα: | |
| Ετικέτες: |
Προσθήκη ετικέτας
Δεν υπάρχουν, Καταχωρήστε ετικέτα πρώτοι!
|
| Thư viện lưu trữ: | Trung tâm Học liệu Trường Đại học Cần Thơ |
|---|
| LEADER | 00502nam a2200181Ia 4500 | ||
|---|---|---|---|
| 001 | CTU_181282 | ||
| 008 | 210402s9999 xx 000 0 und d | ||
| 020 | |c 51000 | ||
| 082 | |a 179.9 | ||
| 082 | |b H527 | ||
| 100 | |a Huyền Cơ | ||
| 245 | 0 | |a Luận về chữ nhân | |
| 245 | 0 | |c Huyền Cơ | |
| 260 | |a Hà Nội | ||
| 260 | |b Thời đại | ||
| 260 | |c 2012 | ||
| 650 | |a Philosophy, Chinese,Triết lý Trung Hoa | ||
| 980 | |a Trung tâm Học liệu Trường Đại học Cần Thơ | ||